Biblioteca y Centro de Documentación

La representatividad y la mayor representatividad de las asociaciones empresariales (Registro nro. 33762)

Detalles MARC
000 -CABECERA
Longitud fija campo de control 00860naa a2200229 c 4500
001 - NÚMERO DE CONTROL
Número de control 33762
003 - IDENTIFICADOR DE NÚMERO DE CONTROL
Identificador del número de control ES-MaCES
005 - FECHA Y HORA DE LA ÚLTIMA TRANSACCIÓN
Fecha y hora de la última transacción 20040115100900.0
008 - CAMPO FIJO DE DESCRIPCIÓN FIJA--INFORMACIÓN GENERAL
Códigos de información de longitud fija   040113n2003 sp ||| | spa d
035 ## - NÚMERO DE CONTROL DEL SISTEMA
Número de control del sistema CES20040000358v
040 ## - FUENTE DE CATALOGACIÓN
Centro catalogador de origen ES-MaCES
Lengua de catalogación spa
Centro transcriptor ES-MaCES
100 1# - ENCABEZAMIENTO PRINCIPAL--NOMBRE PERSONAL
Nombre de persona Cairós Barreto, Dulce María
9 (RLIN) 8673
245 13 - MENCIÓN DE TÍTULO
Título La representatividad y la mayor representatividad de las asociaciones empresariales
Mención de responsabilidad, etc. Dulce Mª Cairós Barreto
650 #4 - ASIENTO SECUNDARIO DE MATERIA--TÉRMINO DE MATERIA
Término de materia o nombre geográfico como elemento inicial negociación colectiva
9 (RLIN) 28362
650 #4 - ASIENTO SECUNDARIO DE MATERIA--TÉRMINO DE MATERIA
Término de materia o nombre geográfico como elemento inicial cooperación empresarial
9 (RLIN) 31742
650 #4 - ASIENTO SECUNDARIO DE MATERIA--TÉRMINO DE MATERIA
Término de materia o nombre geográfico como elemento inicial organizaciones empresariales
9 (RLIN) 31559
653 10 - TÉRMINO DE INDEXACIÓN--NO CONTROLADO
Término no controlado Empresa
773 0# - ENTRADA DE DOCUMENTO FUENTE
Título Revista española de Derecho del trabajo
Parte(s) relacionada(s) n. 118 (jul. - ag. 2003){10040 R. 053970}; p. 583-622
Número de control del registro relacionado (ES-MaCES)25060
Itemnumber del ítem fuente 32361
902 ## - CES. TIPO DE DOCUMENTO
Tipodoc (006$c Sirtex) ART Artículo de revista
942 ## - ELEMENTOS KOHA
Fuente de clasificaión o esquema Clasificación propia del CES
Koha [por defecto] tipo de item Artículos (1982-2017)
Parte de clasificación 0.0.

No hay ítems disponibles.

© CES, Consejo Económico y Social de España 2021